| 000 | 00984nam a2200253 i 4500 | ||
|---|---|---|---|
| 001 | 186582 | ||
| 003 | ES-MaACL | ||
| 005 | 20230906222711.0 | ||
| 008 | 161201s2015 sp c |||| | spa d | ||
| 080 | _a75 Gutiérrez Díez, Carmen | ||
| 100 | 1 |
_aGutiérrez Díez, Carmen. _9154349 |
|
| 245 | 1 | 0 |
_aVida es color _b: Ateneo de Madrid, Sala Prado, del 3 al 15 de noviembre de 2015 : [exposición] / _cCarmen Gutiérrez Díez ; [texto, Tomás Paredes]. |
| 246 | 3 | 4 | _aJivana a Ranga |
| 260 |
_aMadrid : _bAteneo de Madrid, _c[2015] |
||
| 300 |
_a[30] p. : _bprincipalmente il. col. ; _c16 x 21 cm. |
||
| 600 | 1 | 4 |
_aGutiérrez Díez, Carmen- _vExposiciones. _9161390 |
| 610 | 2 | 4 |
_aAteneo de Madrid- _vExposiciones- _y2010-2019. _9144911 |
| 655 | 7 |
_2tgfbne _9193628 _aCatálogos de exposiciones |
|
| 700 | 1 |
_aParedes, Tomás. _9148897 |
|
| 710 | 2 |
_aAteneo de Madrid. _bSala del Prado. _91965 |
|
| 852 |
_aES-MaACL _j2333-F-22 |
||
| 942 | _2udc | ||
| 999 |
_c186582 _d186582 |
||